01210nam a2200289 i 4500003000900000005001700009007000300026008004100029020001500070040003000085041000800115082003000123100005200153245017400205250003000379264006900409300006900478336002800547337003400575338002900609500002400638500005100662600004600713600006200759650005500821651004400876DO-SdBNP20250616140858.0ta210917e2021 dr aco|er|||| 001 e spa d a8484009521 aDO-SdBNPbspacBNPHUerda aspa 4a972.93054bB142s 20212221 aBáez de Jiménez, Mayra,d1952-eautor4aut.10aSi la mar fuera de tinta ... :bvivencias de una niña tras la caída de la dictadura trujillista /cMayra Báez de Jiménez ; prólogo, Guillermo Piña-Contreras. aSexta edición ampliada  4aSanto Domingo, República Dominicana :bEditora Búho,c©2021 a406 páginas :bilustraciones, fotografías, retratos ;c23 cm atextobtxt2rdacontent  asin mediación bn2rdamedia avolumenbnc2rdacarrier  aEdición ampliada. aIncluye biografía de la autora en la solapa.10a Báez de Jiménez, Mayra, 1952-d1952-10aTrujillo Molina, Rafael Leónidas, d1891-1961 xMuerte 7aHomicidio políticozRepública Dominicana2LEMB aRepública DominicanaxHistoria y1961